Bilecik Bilecik Bilecik Bilecik Bilecik

İslam ve cinsiyet farklılıkları/ (Record no. 46320)

MARC details
000 -BAŞLIK
Sabit Uzunluktaki Kontrol Alanı 01460nam a22003857a 4500
001 - KONTROL NUMARASI
Control Dosyası 0046354
003 - KONTROL NUMARASI KİMLİĞİ
Kontrol Alanı KOHA_MİRAKIL
005 - EN SON İŞLEM TARİHİ ve ZAMANI
Kontrol Alanı 20260207003517.0
007 - FİZİKSEL TANIM SABİT ALAN - GENEL BİLGİ
Sabit uzunluklu kontrol alanı ta
008 - SABİT UZUNLUKTAKİ VERİ ÖGELERİ - GENEL BİLGİ
Sabit Alan 141027b2014 tu |||gr||||#||||0|tur |
020 ## - ISBN - ULUSLARARASI STANDART KİTAP NUMARASI
Isbn 9786059982023
040 ## - KATALOGLAMA KAYNAĞI
Özgün Kataloglama Kurumu TR-BiSEU
Kataloglama Dili tur
Çeviri Kurumu TR-BiSEU
Açıklama Kuralları rda
041 0# - DİL KODU
Metin ya da ses kaydının dil kodu tur
044 ## - YAYINLAYAN/ÜRETEN KURULUŞUN ÜLKE KODU
ISO country code tu
050 ## - SINIFLAMA ve YER NUMARASI
Sınıflama Numarası BP173.4
Yer Numarası .B87 2014
100 1# - KİŞİ ADI
Yazar Adı (Kişi adı) Bustan, Hüseyin.
245 1# - ESER ADI BİLDİRİMİ
Başlık İslam ve cinsiyet farklılıkları/
Sorumluluk Bildirimi Hüseyin Bustan ; Hüseyin Bustan; çeviren Cafer Derbendi; editör Yusuf Tazegün..
264 #1 - ÜRERİM, YAYIN, DAĞITIM ve TELİF BİLDİRİMİ
Yayın yeri İstanbul :
Yayınlayan el-Mustafa yayınları
Yayın tarihi 2014
300 ## - FİZİKSEL TANIMLAMA
Sayfa, Cilt vb. 384 sayfa; 23 cm.
336 ## - İÇERİK TÜRÜ
Content type term metin
Content type code txt
Source rdacontent
337 ## - MEDYA TÜRÜ
Media type term aracısız
Media type code n
Source rdamedia
338 ## - TAŞIYICI TÜRÜ
Carrier type term cilt
Carrier type code nc
Source rdacarrier
490 1# - DİZİ BİLDİRİMİ
Dizi Bildirimi el-Mustafa yayınları ;
Cilt Numarası 21.
505 ## - İÇİNDEKİLER NOTU
İçindekiler Notu Eş seçimi ve evlilik
650 #0 - KONU BAŞLIĞI EK GİRİŞ - KONU TERİMİ
Konusal terim veya coğrafi ad Aile--İslam hukuku
9 (RLIN) 85452
650 #0 - KONU BAŞLIĞI EK GİRİŞ - KONU TERİMİ
Konusal terim veya coğrafi ad Evlilik (İslam hukuku)
9 (RLIN) 85453
650 #0 - KONU BAŞLIĞI EK GİRİŞ - KONU TERİMİ
Konusal terim veya coğrafi ad Müslüman Kadınlar
9 (RLIN) 63987
650 #0 - KONU BAŞLIĞI EK GİRİŞ - KONU TERİMİ
Konusal terim veya coğrafi ad Kadın Hakları--Dini Yönleri--İslam
9 (RLIN) 85454
650 #0 - KONU BAŞLIĞI EK GİRİŞ - KONU TERİMİ
Konusal terim veya coğrafi ad Family--Islamic Law
9 (RLIN) 85455
650 #0 - KONU BAŞLIĞI EK GİRİŞ - KONU TERİMİ
Konusal terim veya coğrafi ad Marriage (Islamic law)
9 (RLIN) 85456
650 #0 - KONU BAŞLIĞI EK GİRİŞ - KONU TERİMİ
Konusal terim veya coğrafi ad Muslim Women
9 (RLIN) 85457
650 #0 - KONU BAŞLIĞI EK GİRİŞ - KONU TERİMİ
Konusal terim veya coğrafi ad Women's rights--Religious Aspects-Islam
9 (RLIN) 85458
830 1# - SERİ EK GİRİŞİ - TEKBİÇİM ESER ADI
Tekbiçim Başlık el-Mustafa yayınları ;
Volume number/sequential designation 21.
9 (RLIN) 84187
942 ## - EK GİRİŞ ÖGELERİ (KOHA)
Source of classification or shelving scheme Library of Congress Classification
Koha item type Book
505 ## - İÇİNDEKİLER NOTU
-- Aileyi destekleme ve gözetleme fonksiyonları
-- Ailenin yönetimi
-- Din
-- Talim ve terbiye
-- Ekonomi
-- Politika
-- Hukuk
-- Savaş, sağlık ve tedavi
-- Fıkhi konular
Holdings
Materyal Türü Kalıcı Konum Mevcut Konum Raf Yeri Sınıflandırma Kaynağı Edinim Bilgisi Ana Konular Alt Konular Yer Numarası Demirbaş Numarası Fatura Tarihi Geri Çekilme Durumu Kayıp Durumu Hasarlı Durumu Kredi için değil Kayıt Tarih Toplam Ödünçverme Son Görülme Tarihi Son Kontrol Tarihi Genel / Bağış Notu
Book Prof. Dr. Azmi Özcan Kütüphanesi Prof. Dr. Azmi Özcan Kütüphanesi Uluğbey Salonu Library of Congress Classification Bağış FELSEFE, PSİKOLOJİ, DİN İslam, Bahailik, Teozofi vb. BP173.4 .B87 2014 0046354 02/02/2026         27/10/2014 1 05/12/2024 05/12/2024 Genel Bağış